Les acronymes de l'univers Pokémon - Statistiques

Statistiques générales
  • Ce quiz a été pris 57 fois
  • Le résultat moyen est 7 sur 15
Statistiques - réponses
Acronyme Signification % Correct
HGSS Heartgold Soulsilver
96%
USUL Ultra Soleil Ultra Lune
91%
ROSA Rubis Omega Saphir Alpha
87%
CT Capsule Technique
80%
OHKO One Hit Knock Out
63%
PWT Pokémon World Tournament
52%
PP Points de Pouvoir
37%
IV Individual Value
35%
JCC Jeu de Cartes à Collectionner
33%
GTS Global Trade System
28%
LGPE Let's Go Pikachu Let's Go Evoli
26%
CRI (Soleil et Lune) Centre de Recherche Interdimensionnelle
15%
SPV Système de Perfectionnement Virtuel
15%
ID Identification du Dresseur
13%
1SS 1er sous sol
4%
Aucun quiz correspondant
Distribution des résultats
% des personnes avec chaque résultat
Percentile par nombre de réponses
Votre historique - résultats
Vous n’avez pas pris ce quiz